01019nam a2200193 a 4500008004100000020001500041050001500056100001800071245007200089260009400161260006100255300001600316350000900332500025400341650007700595650006200672650006100734710003000795120416s1993 ||||||||||||||||| || u a9171063315 aHM 101 Soc aGibbon, Peter10aSocial change and economic reform in Africacedited by Peter Gibbon aUppsala:bNordiska Afrikainstitutet (The Scandinavian Institute of African Studies)c1993 aUppsala:bThe Scandinavian Inst. of African Studiec1993 a381p. : ill a0.00 a"Papers ... presented at a workshop jointly organised by the Scandinavian Institute of African Studies (SIAS) and the School of Social Work, University of Zimbabwe, in Harare in March 1992"--P. 5. -Includes bibliographical references (p. [360]-378). aSTRUCTURAL ADJUSTMENT (ECONOMIC POLICY)--AFRICA, SUB-SAHARAN--CONGRESSES aAFRICA, SUB-SAHARA--ECONOMIC CONDITIONS--1960--CONGRESSES 0aAFRICA, SUB-SAHARAN--SOCIAL CONDITIONS--1960--CONGRESSES aNordiska Afrikainstitutet